Normal view
MARC view
Entry Personal Name
001 - CONTROL NUMBER
- control field: 529170
003 - CONTROL NUMBER IDENTIFIER
- control field: OSt
005 - DATE AND TIME OF LATEST TRANSACTION
- control field: 20220930071919.0
008 - FIXED-LENGTH DATA ELEMENTS
- fixed length control field: 220930|| aca||aabn | a|a d
040 ## - CATALOGING SOURCE
- Original cataloging agency: OSt
- Transcribing agency: OSt
100 ## - HEADING--PERSONAL NAME
- Personal name: Kishan Chand
670 ## - SOURCE DATA FOUND
- Source citation: Work cat.: (OSt)863045: Kishan Chand, Ritikalin kavya mein nayak nayika nirupan, 1987
